000
00314nam a22001457a 4500
008
230707b ||||| |||| 00| 0 eng d
020
_a
9781455516711
041
_a
eng
080
_a
37
082
_a
37TAR
100
_a
44
101
_a
ENCI
245
_a
BECOMING BEYONCE
_c
TARABORRELLI.R.J
942
_2
udc
_c
BK
999
_c
60127
_d
60127